00306nam a2200121Ia 4500008004100000041000800041082001400049100002100063245004300084250001200127260003200139300001300171230724s2023 xx 000 0 und d aeng a328.1/MUD aRohini Mudholkar aGeneral Principal of Political Science a2019 Ed aPUNEbHIND LAW HOUSE,c2023 a1-192Pp.